Central Library OPAC University of Rajshahi

The first European revolution, 1776-1815 / (Record no. 64744)

MARC details
000 -LEADER
fixed length control field 00815nam a2200253 a 4500
001 - CONTROL NUMBER
control field 64744
003 - CONTROL NUMBER IDENTIFIER
rucl marc code BD-RjUL
005 - DATE AND TIME OF LATEST TRANSACTION
control field 20211209081338.0
008 - FIXED-LENGTH DATA ELEMENTS--GENERAL INFORMATION
fixed length control field 170220s1969 nyuabc b 001 0 eng d
035 ## - SYSTEM CONTROL NUMBER
System control number (BD-RjUL) 64874
040 ## - CATALOGING SOURCE
Original cataloging agency BD-RjUL
Transcribing agency BD-RjUL
Modifying agency BD-RjUL
Language of cataloging eng
041 ## - LANGUAGE CODE
Language code of text/sound track or separate title eng
082 00 - DEWEY DECIMAL CLASSIFICATION NUMBER
Classification number 940.27
Edition number 23
Author mark and year HAF 1969
100 1# - MAIN ENTRY--PERSONAL NAME
Personal name Hampson, Norman.
9 (RLIN) 191943
245 14 - TITLE STATEMENT
Title The first European revolution, 1776-1815 /
Statement of responsibility, etc. Norman Hampson
260 ## - PUBLICATION, DISTRIBUTION, ETC. (IMPRINT)
Place of publication, distribution, etc. [New York :
Name of publisher, distributor, etc. Thames and Hudson,
Date of publication, distribution, etc. [1969]
300 ## - PHYSICAL DESCRIPTION
Pagination 215 p. :
Illustrations ill. ;
Size 21 cm.
504 ## - BIBLIOGRAPHY, ETC. NOTE
Bibliography, etc Includes Index& Bibliographies.
650 ## - SUBJECT ADDED ENTRY--TOPICAL TERM
Topical term or geographic name as entry element Europe
General subdivision History
Chronological subdivision 1789-1815.
9 (RLIN) 191944
651 #0 - SUBJECT ADDED ENTRY--GEOGRAPHIC NAME
Geographic name Europe
General subdivision History
Chronological subdivision 1789-1815.
9 (RLIN) 191944
Geographic name France
General subdivision History
Chronological subdivision Revolution, 1789-1799.
9 (RLIN) 176980
Geographic name Europe
General subdivision Intellectual life.
9 (RLIN) 191945
942 ## - ADDED ENTRY ELEMENTS (KOHA)
Source of classification or shelving scheme Dewey Decimal Classification
Koha item type Books
Holdings
Lost status Source of classification or shelving scheme Damaged status Not for loan Collection code Permanent Location Current Location Shelving location Date acquired Source of acquisition Cost, normal purchase price Total Checkouts Full call number Date last seen Copy number Koha item type
  Dewey Decimal Classification   Not For Loan Non-fiction Central Library, University of Rajshahi Central Library, University of Rajshahi Reading Room 20/04/1974 Paramount Book Corporation. 23.10   940.27 HAF 1969 20/02/2017 C-1 Books